STN 33 2000-7-722: 2013 [neplatná], Elektrické inštalácie nízkeho napätia Časť 7-722 Požiadavky na osobitné inštalácie alebo priestory. Napájanie elektrických vozidiel

Táto norma obsahuje HD 60364-7-722: 2012 v slovenskom jazyku

Podrobná bibliografia
Hlavný autor: Čatloš, Marcel (Autor)
Korporatívny autor: Čatlošová, Gabriela (Autor)
Médium: Kniha
Jazyk:slovenčina
Fyzický popis:12 s. 30 cm
Vydavateľské údaje: Bratislava Slovenský ústav technickej normalizácie 2013
Predmet:

MARC

LEADER 00000cam a2200000 a 4500
001 vtls010488248
003 SK-MaSNL
005 20260302012714.0
008 160430s2013 xo a f u 000 0 slo
015 |a SNBN2013 
020 |c (cena je určená počtom strán) 
040 |a SNK  |b slo  |c SNK  |e AACR2 
041 0 |a slo 
044 |a xo  |c SK 
046 |a s  |m 20130201 (účin.)  |n [20190226 (zruš.)] 
072 7 |a 696  |x Inštalácie  |2 konspekt 
080 |a 696  |2 2001 
080 |a 006.7/.8  |2 2001 
080 |a (437.6)  |2 2001 
080 |a (4)  |2 2001 
084 |a 29.160.40  |2 ICS 
084 |a 43.120  |2 ICS 
245 0 0 |a STN 33 2000-7-722: 2013 [neplatná], Elektrické inštalácie nízkeho napätia  |n Časť 7-722  |p Požiadavky na osobitné inštalácie alebo priestory. Napájanie elektrických vozidiel 
246 1 0 |a Elektrické inštalácie nízkeho napätia 
246 1 0 |a Požiadavky na osobitné inštalácie alebo priestory. Napájanie elektrických vozidiel 
260 |a Bratislava  |b Slovenský ústav technickej normalizácie  |c 2013 
300 |a 12 s.  |c 30 cm 
500 |a Súbežný názov v angličtine, francúzštine, nemčine 
500 |a Spracovateľ: INFOSERVIS Krompachy, Marcel Čatloš Gabriela Čatlošová 
500 |a [Norma je nahradená anglickou verziou normy STN 33 2000-7-722 zo septembra 2016. Tú nahradila opäť anglická verzia normy STN 33 2000-7-722 z mája 2019 v celom rozsahu. Anglickú verziu nahradila v súčastnosti platná slovenská verzia normy STN 33 2000-7-722 z decembra 2019 v celom rozsahu] 
504 |a Citované normy, súvisiace právne predpisy s. 2 
520 8 |a Táto norma obsahuje HD 60364-7-722: 2012 v slovenskom jazyku 
540 |a STN vydané na akomkoľvek nosiči sa môžu rozmnožovať a rozširovať iba so súhlasom určenej právnickej osoby  |b SÚTN Bratislava  |c zákon 264/1999 Z. z. 
650 0 7 |a inštalácie v budovách  |2 SNKPH  |9 4264 
650 0 7 |a technické normy a štandardy  |z Slovensko  |2 SNKPH  |9 79594 
650 0 7 |a technické normy a štandardy  |z krajiny Európskej únie  |2 SNKPH  |9 289341 
650 0 7 |a elektrické inštalácie  |2 SNKPH  |9 67471 
650 0 7 |a Buildings installations  |2 SNKPHeng  |9 295302 
655 7 |a normy  |2 SNKPH  |9 70643 
700 1 |a Čatloš, Marcel  |4 aut  |9 291773 
710 2 |a Čatlošová, Gabriela  |4 aut  |9 654995 
710 2 |a Slovenský ústav technickej normalizácie (Bratislava, Slovensko).  |b Technická komisia č. 84 Elektrické inštalácie a ochrana pred zásahom elektrickým prúdom  |4 stn  |9 311489 
852 |a Štátna vedecká knižnica v Banskej Bystrici 
958 |a NB 
999 |c 1010443  |d 1012373 
952 |a SNK  |b SNK  |y PREZ  |7 0  |p 17A1065076  |o snkSTN 33 2000-7-722  |i snk2013/5691  |8 0  |0 0  |1 0  |4 0  |d 2013-03-12  |l 0  |r 2026-02-24 12:50:24  |w 2026-02-24 
952 |a SNK  |b SNK  |y PREZ  |7 0  |p 17A1065077  |o snkSTN 33 2000-7-722 D1  |i snk2013/5692  |8 0  |0 0  |1 0  |4 0  |d 2013-03-12  |l 0  |r 2026-02-24 12:50:24  |w 2026-02-24